=LDR 00000nam 2200000 4500 =001 INLIS000000000026601 =005 20130612125031 =008 ***********************************Ind** =035 ##$$0010-061300000026601 =041 ##$$a Ind =082 ##$$a 746.41 =090 ##$$a 746.41, Ger d =100 ##$$a Gerbono, Anton =245 ##$$a Aneka anayaman bambu, Anton Gerbono; Abas siregar Djarijah =260 ##$$a 2001 $b Yogyakarta =300 ##$$a 91 hlm, ilus, 19 cm =650 ##$$a Anyaman =700 ##$$a Djarijah, Abas Siregar =850 ##$$a NBPNMAT